Diálogos sobre la naturaleza humana

Uloženo v:
Podrobná bibliografie
Hlavní autor: Cyrulnik, Boris (Autor)
Další autoři: Morin, Edgar (autor)
Médium: Kniha
Jazyk:španělština
Vydáno: Buenos Aires Paidós 2005
Vydání:1a. ed
Edice:Paidós Asterisco, 12
Témata:
Tagy: Přidat tag
Žádné tagy, Buďte první, kdo vytvoří štítek k tomuto záznamu!

MARC

LEADER 00000nam a2200000 a 4500
001 UCG5155
003 CL-VaPUC
008 110106e20050000AG |||||||||||||||||spa|d
020 |a 9501202127 
082 0 4 |a 302  |b CYR  |2 21 
100 0 |a Cyrulnik, Boris  |e author  |9 554703 
700 |a Morin, Edgar  |e autor  |9 459920 
245 1 0 |a Diálogos sobre la naturaleza humana 
250 |a 1a. ed 
300 |a 64 p 
942 |c BK 
945 |d 20110106 00:00:00  |a dcastane 
260 |a Buenos Aires  |b Paidós  |c 2005 
650 0 |a Sociología   |9 255410 
650 0 |a Ciencias sociales   |9 256351 
650 0 |a Psicología social   |9 222894 
650 0 |a Comportamiento   |9 308406 
650 0 |a Conceptos morales   |9 310606 
650 7 |a HABITOS  |2 CL-VaPUC  |9 311931 
650 7 |a COSTUMBRES  |2 CL-VaPUC  |9 337506 
583 |a last modification  |c 20110106 00:00:00  |k Rodrigo Vera 
490 0 |a Paidós Asterisco, 12 
999 |c 343701  |d 343699 
952 |0 0  |1 0  |4 0  |6 302_000000000000000_CYR_2005  |7 0  |8 A  |9 441219  |a BIBEDU  |b BIBEDU  |d 2019-11-22  |i 4747836  |o 302 CYR 2005  |p 4747836  |r 2019-11-22  |w 2019-11-22  |y BK  |k FIL